Datum a čas kvízu
36.5
Celkem bodů
Celkový počet nahraných bodů na tomto kvízu bez doplňovacích otázek.
4.
Pořadí na kvízu
Konečné umístění týmu na tomto kvízu.
Zaznamenané odpovědi
| # | Otázka | Odpověď | Body | Výsledky |
|---|---|---|---|---|
| 1. | Mobilní aplikace Tečka prošla... | v modré | 1 | |
| 2. | Britský vědec Michael Yeadon o... | Pouze pro osoby neočkované proti koronaviru. | 1 | |
| 3. | Televize Nova představila minu... | Ondřej Sokol | 0 | |
| 4. | Jedna úspěšná česká softwarová... | Avast | 1 | |
| 5. | Jak se jmenuje fotbalový klub,... | Paris St. Germain (PSG) | 1 | |
| 6. | V následujících otázkách se po... | lilek | 0 | |
| 7. | Jak se jmenuje italský dezert... | affogato | 1 | |
| 8. | Tradiční pesto vyrobené z baza... | Janov/Genova | 0 | |
| 9. | Na severu Itálie se v kuchyni... | polenta | 1 | |
| 10. | Uveďte název pečiva, které vid... | focaccia | 1 |